Atalanta Squad 2016-2017 - Statistics

General Stats
  • This quiz has been taken 10 times
  • The average score is 24 of 37
Answer Stats
# Position Nation Player % Correct
1 GK Albania Etrit Berisha
100%
19 MF Ivory Coast Franck Kessié
100%
33 DF Netherlands Hans Hateboer
100%
27 MF Slovenia Jasmin Kurtić
100%
13 DF Italy Mattia Caldara
100%
10 FW Argentina Papu Gómez
100%
95 DF Italy Alessandro Bastoni
88%
17 MF Chile Carlos Carmona
88%
- Coach Italy Gian Piero Gasperini
88%
3 DF Italy Rafael Tolói
88%
11 MF Switzerland Remo Freuler
88%
24 DF Italy Andrea Conti
75%
5 DF Italy Andrea Masiello
75%
29 FW Italy Andrea Petagna
75%
93 DF Senegal Boukary Dramé
75%
77 MF Italy Cristian Raimondi
75%
6 DF Bosnia and Herzegovina Ervin Zukanović
75%
7 FW Italy Marco D'Alessandro
75%
57 GK Italy Marco Sportiello
75%
91 GK Italy Pierluigi Gollini
75%
4 MF Italy Roberto Gagliardini
75%
9 FW Serbia Aleksandar Pešić
63%
31 GK Italy Francesco Rossi
63%
37 MF Italy Leonardo Spinazzola
63%
51 FW Chile Mauricio Pinilla
63%
25 DF France Abdoulay Konko
50%
88 MF Italy Alberto Grassi
50%
43 FW Italy Alberto Paloschi
50%
87 FW France Anthony Mounier
50%
52 FW Ecuador Bryan Cabezas
50%
8 MF Italy Giulio Migliaccio
50%
4 MF Italy Bryan Cristante
25%
30 GK Italy Davide Bassi
25%
2 DF Italy Guglielmo Stendardo
25%
23 DF Italy Emanuele Suagher
13%
47 GK Italy Stefano Mazzini
13%
92 FW Italy Salvatore Molina
0%
No matching quizzes found
Score Distribution
Percent of People with Each Score
Percentile by Number Answered
Your Score History
You have not taken this quiz